[Event "Avoine op 37th"]
[Site "Avoine"]
[Date "2023.07.27"]
[Round "6"]
[White "Tirard, Hugo"]
[Black "Bergez, Luc"]
[Result "1-0"]
[WhiteElo "2390"]
[BlackElo "2315"]
[PlyCount "87"]
[EventDate "2023.07.22"]
[EventType "swiss"]
[EventRounds "9"]
[EventCountry "FRA"]
[SourceTitle "CBM 215 Extra"]
[Source "ChessBase"]
[SourceDate "2023.09.30"]
[SourceVersion "1"]
[SourceVersionDate "2023.09.30"]
[SourceQuality "1"]

1. e4 c6 2. d4 d5 3. f3 dxe4 4. fxe4 e5 5. Nf3 Be6 6. c3 Nd7 7. Bd3 Ngf6 8. 0-0 Bd6 9. Qe1 h6 10. Nbd2 0-0 11. Nc4 Bc7 12. Ncxe5 Nxe5 13. Nxe5 Bxe5 14. dxe5 Nd7 15. Qg3 Kh7 16. Bc2 a5 17. b3 a4 18. Ba3 c5 19. c4 axb3 20. axb3 b5 21. Bd3 Qg5 22. Qxg5 hxg5 23. cxb5 Bxb3 24. Bb2 Be6 25. Be2 Rab8 26. Rfb1 Rb7 27. Ra5 Rd8 28. Bc3 Nb6 29. Ra6 Rdb8 30. Kf2 c4 31. Bd4 Nc8 32. Ra5 Ne7 33. Ra7 Nc6 34. Rxb7 Rxb7 35. Bc3 Rb6 36. Bd1 Na7 37. Ba4 Nc8 38. Bd4 Rb8 39. b6 c3 40. b7 Ba2 41. bxc8Q Rxc8 42. Ra1 Rc4 43. Rxa2 Rxd4 44. Ke3 1-0

[Event "Paris-ch IdF"]
[Site "Paris"]
[Date "2023.07.15"]
[Round "8"]
[White "Gatineau, Yovann"]
[Black "Bergez, Luc"]
[Result "1/2-1/2"]
[WhiteElo "2367"]
[BlackElo "2315"]
[PlyCount "22"]
[EventDate "2023.07.11"]
[EventType "swiss"]
[EventRounds "9"]
[EventCountry "FRA"]
[SourceTitle "CBM 215 Extra"]
[Source "ChessBase"]
[SourceDate "2023.09.30"]
[SourceVersion "1"]
[SourceVersionDate "2023.09.30"]
[SourceQuality "1"]

1. e4 c6 2. d4 d5 3. Nc3 dxe4 4. Nxe4 Nd7 5. Nf3 Ngf6 6. Nxf6+ Nxf6 7. Bd3 Bg4 8. c3 e6 9. h3 Bh5 10. Bg5 Qd5 11. Bxf6 Bxf3 1/2-1/2

[Event "Paris-ch IdF"]
[Site "Paris"]
[Date "2023.07.13"]
[Round "3"]
[White "Bergez, Luc"]
[Black "Defromont, Benjamin"]
[Result "1-0"]
[WhiteElo "2315"]
[BlackElo "2445"]
[PlyCount "93"]
[EventDate "2023.07.11"]
[EventType "swiss"]
[EventRounds "9"]
[EventCountry "FRA"]
[SourceTitle "CBM 215 Extra"]
[Source "ChessBase"]
[SourceDate "2023.09.30"]
[SourceVersion "1"]
[SourceVersionDate "2023.09.30"]
[SourceQuality "1"]

1. e4 c5 2. Nf3 Nc6 3. c3 Nf6 4. e5 Nd5 5. d4 cxd4 6. cxd4 d6 7. Bc4 dxe5 8. dxe5 Be6 9. 0-0 g6 10. Ng5 Bg7 11. Nxe6 fxe6 12. Nc3 Nc7 13. f4 Qd4+ 14. Qxd4 Nxd4 15. Rf2 b5 16. Be3 bxc4 17. Bxd4 Kf7 18. Rc1 Rhd8 19. Ne2 Nb5 20. Rxc4 Rac8 21. Rb4 Rd5 22. Nc3 Nxd4 23. Nxd5 Nc2 24. Rxc2 Rxc2 25. Ne3 Re2 26. Nc4 g5 27. fxg5 Kg6 28. Ra4 Re4 29. b3 Bxe5 30. Nxe5+ Rxe5 31. Rxa7 Re2 32. a4 Rb2 33. Rb7 Kxg5 34. a5 Ra2 35. b4 Kf4 36. Rxe7 e5 37. Rxh7 e4 38. Rf7+ Ke3 39. h4 Ra1+ 40. Kh2 Kd2 41. Rd7+ Kc3 42. Re7 Kd3 43. h5 Ra4 44. h6 Rxb4 45. h7 Rb8 46. g4 Ke3 47. Kg3 1-0

[Event "Paris-ch IdF"]
[Site "Paris"]
[Date "2023.07.12"]
[Round "2"]
[White "Shchekachev, Andrei"]
[Black "Bergez, Luc"]
[Result "1/2-1/2"]
[WhiteElo "2505"]
[BlackElo "2315"]
[PlyCount "46"]
[EventDate "2023.07.11"]
[EventType "swiss"]
[EventRounds "9"]
[EventCountry "FRA"]
[SourceTitle "CBM 215 Extra"]
[Source "ChessBase"]
[SourceDate "2023.09.30"]
[SourceVersion "1"]
[SourceVersionDate "2023.09.30"]
[SourceQuality "1"]

1. Nf3 Nf6 2. c4 e6 3. g3 d5 4. d4 Be7 5. Bg2 0-0 6. 0-0 c6 7. Nc3 b6 8. Ne5 Ba6 9. e4 dxc4 10. a4 Qc8 11. Qc2 b5 12. Rd1 Nbd7 13. Nxd7 Nxd7 14. e5 Bb7 15. Bf4 a6 16. h4 h6 17. Qe2 Rd8 18. Qg4 Kf8 19. Qh5 Kg8 20. Rac1 Bf8 21. Qg4 Kh8 22. Qh5 Kg8 23. Qg4 Kh8 1/2-1/2

[Event "Clichy Rapid op"]
[Site "Clichy"]
[Date "2023.07.09"]
[Round "6"]
[White "Bergez, Luc"]
[Black "Chabanon, Jean Luc"]
[Result "0-1"]
[WhiteElo "2315"]
[BlackElo "2421"]
[PlyCount "58"]
[EventDate "2023.07.09"]
[EventType "swiss (rapid)"]
[EventRounds "9"]
[EventCountry "FRA"]
[SourceTitle "CBM 215 Extra"]
[Source "ChessBase"]
[SourceDate "2023.09.30"]
[SourceVersion "1"]
[SourceVersionDate "2023.09.30"]
[SourceQuality "1"]

1. e4 c6 2. d4 d5 3. exd5 cxd5 4. Bd3 Nc6 5. c3 e6 6. Bf4 Bd6 7. Bxd6 Qxd6 8. Nf3 Nge7 9. 0-0 Bd7 10. Nbd2 f6 11. c4 0-0 12. a3 Rad8 13. Re1 Bc8 14. c5 Qf4 15. Nf1 Kh8 16. g3 Qh6 17. b4 a6 18. Ra2 Ng6 19. Ne3 e5 20. Bxg6 Qxg6 21. dxe5 fxe5 22. Nxd5 Qf7 23. Nxe5 Qxd5 24. Qxd5 Rxd5 25. Nf7+ Kg8 26. Nd6 Nd4 27. Kg2 Bd7 28. Rd2 Bc6 29. Kh3 Rh5+ 0-1

[Event "Clichy Rapid op"]
[Site "Clichy"]
[Date "2023.07.09"]
[Round "7"]
[White "Charron, Thomas"]
[Black "Bergez, Luc"]
[Result "1-0"]
[WhiteElo "2062"]
[BlackElo "2315"]
[PlyCount "81"]
[EventDate "2023.07.09"]
[EventType "swiss (rapid)"]
[EventRounds "9"]
[EventCountry "FRA"]
[SourceTitle "CBM 215 Extra"]
[Source "ChessBase"]
[SourceDate "2023.09.30"]
[SourceVersion "1"]
[SourceVersionDate "2023.09.30"]
[SourceQuality "1"]

1. e4 c6 2. d4 d5 3. exd5 cxd5 4. c4 Nf6 5. Nc3 Nc6 6. Nf3 Bg4 7. Be3 e6 8. cxd5 Nxd5 9. Qb3 Bxf3 10. gxf3 Bb4 11. a3 Qa5 12. Rc1 Bxc3+ 13. bxc3 0-0 14. Bd3 Rac8 15. 0-0 e5 16. Kh1 exd4 17. cxd4 b6 18. Rfd1 Nf6 19. Bb5 a6 20. Bxc6 Qf5 21. Qd3 Qh5 22. Bf4 b5 23. Be5 Qh4 24. Rg1 Rfd8 25. Qf5 Nh5 26. Be4 Rxc1 27. Qxh7+ Kf8 28. Bxg7+ Ke7 29. Rxc1 Qf4 30. Bh6 Qf6 31. Rc7+ Rd7 32. Rxd7+ Kxd7 33. Be3 Ng7 34. Qh3+ Kc7 35. Qg3+ Kb6 36. d5+ Ka5 37. Qc7+ Ka4 38. Bc2+ Kxa3 39. Qc5+ b4 40. Bc1+ Ka2 41. Qa5# 1-0

[Event "Clichy Rapid op"]
[Site "Clichy"]
[Date "2023.07.09"]
[Round "9"]
[White "Morabbi, Armin"]
[Black "Bergez, Luc"]
[Result "0-1"]
[WhiteElo "2159"]
[BlackElo "2315"]
[PlyCount "62"]
[EventDate "2023.07.09"]
[EventType "swiss (rapid)"]
[EventRounds "9"]
[EventCountry "FRA"]
[SourceTitle "CBM 215 Extra"]
[Source "ChessBase"]
[SourceDate "2023.09.30"]
[SourceVersion "1"]
[SourceVersionDate "2023.09.30"]
[SourceQuality "1"]

1. d4 Nf6 2. Bg5 c5 3. d5 Qb6 4. Nc3 Qxb2 5. Bd2 Qb6 6. e4 d6 7. f4 e5 8. Rb1 Qd8 9. Nf3 exf4 10. Bb5+ Nbd7 11. 0-0 Be7 12. Bxf4 0-0 13. Qe2 Nh5 14. Be3 Bf6 15. Nd1 g6 16. Nf2 a6 17. Bxd7 Qxd7 18. e5 dxe5 19. Ne4 Qxd5 20. Bxc5 Re8 21. Rbd1 Qxa2 22. Nxf6+ Nxf6 23. Ng5 Bg4 24. Qe3 Bxd1 25. Rxf6 Qxc2 26. Rf2 Qc4 27. Ne4 Re6 28. Nd6 Rxd6 29. Bxd6 Qd4 30. Qa3 Rc8 31. Be7 Rc2 0-1

[Event "Clichy Rapid op"]
[Site "Clichy"]
[Date "2023.07.09"]
[Round "3"]
[White "Moriniaux, Colin"]
[Black "Bergez, Luc"]
[Result "0-1"]
[WhiteElo "1984"]
[BlackElo "2315"]
[PlyCount "119"]
[EventDate "2023.07.09"]
[EventType "swiss (rapid)"]
[EventRounds "9"]
[EventCountry "FRA"]
[SourceTitle "CBM 215 Extra"]
[Source "ChessBase"]
[SourceDate "2023.09.30"]
[SourceVersion "1"]
[SourceVersionDate "2023.09.30"]
[SourceQuality "1"]

1. d4 Nf6 2. c4 g6 3. Nc3 Bg7 4. e4 0-0 5. Be2 d6 6. Nf3 e5 7. d5 a5 8. Be3 Ng4 9. Bg5 f6 10. Bh4 Nh6 11. Nd2 Na6 12. a3 Bd7 13. Rb1 g5 14. Bg3 f5 15. exf5 Bxf5 16. Nde4 Nc5 17. Bd3 Nxd3+ 18. Qxd3 Bg6 19. 0-0 Nf5 20. f3 Nxg3 21. hxg3 g4 22. Nb5 Bh6 23. fxg4 Qe7 24. Rf3 Qd7 25. Qe2 Rf7 26. g5 Bxg5 27. Rxf7 Qxf7 28. Rf1 Qe7 29. Nxg5 Qxg5 30. Nxc7 Rc8 31. Ne6 Qxg3 32. Rf3 Qh4 33. Qf1 Qe7 34. Qf2 Kh8 35. Rf6 Rg8 36. g4 Bh5 37. g5 Bg6 38. Kh2 Qe8 39. Qh4 Qa4 40. Nf8 Qc2+ 41. Rf2 Qd3 42. Qh6 b6 43. Nxg6+ Qxg6 44. Qxg6 Rxg6 45. Rg2 a4 46. Kh3 h6 47. Kh4 Rxg5 48. Rf2 Kg7 49. Re2 Rg1 50. c5 bxc5 51. Re4 Rd1 52. Rxa4 Rxd5 53. Ra6 Kf6 54. a4 Ke6 55. a5 Rd1 56. Rb6 Ra1 57. a6 e4 58. b4 cxb4 59. Rxb4 Ke5 60. Rb6 0-1

[Event "Clichy Rapid op"]
[Site "Clichy"]
[Date "2023.07.09"]
[Round "1"]
[White "Saci, Leila"]
[Black "Bergez, Luc"]
[Result "0-1"]
[WhiteElo "1359"]
[BlackElo "2315"]
[PlyCount "23"]
[EventDate "2023.07.09"]
[EventType "swiss (rapid)"]
[EventRounds "9"]
[EventCountry "FRA"]
[SourceTitle "CBM 215 Extra"]
[Source "ChessBase"]
[SourceDate "2023.09.30"]
[SourceVersion "1"]
[SourceVersionDate "2023.09.30"]
[SourceQuality "1"]

1. e4 c6 2. Nf3 d5 3. exd5 cxd5 4. Ne5 e6 5. d4 Nd7 6. Bb5 Qa5+ 7. Nc3 Bb4 8. 0-0 Bxc3 9. bxc3 b6 10. c4 f6 11. Nd3 e5 12. Bc6 0-1

[Event "Sitges op 46th"]
[Site "Sitges"]
[Date "2022.07.25"]
[Round "4"]
[White "Clarke, Brandon GI"]
[Black "Bergez, Luc"]
[Result "1-0"]
[WhiteElo "2486"]
[BlackElo "2328"]
[PlyCount "77"]
[EventDate "2022.07.22"]
[EventType "swiss"]
[EventRounds "9"]
[EventCountry "ESP"]
[SourceTitle "CBM 209 Extra"]
[Source "ChessBase"]
[SourceDate "2022.09.30"]
[SourceVersion "1"]
[SourceVersionDate "2022.09.30"]
[SourceQuality "1"]

1. e4 c6 2. d4 d5 3. e5 Bf5 4. Nf3 e6 5. Be2 Nd7 6. 0-0 Ne7 7. Nbd2 Nc8 8. a4 Be7 9. a5 a6 10. Ne1 f6 11. Bh5+ g6 12. g4 Be4 13. f3 Bxc2 14. Nxc2 gxh5 15. f4 0-0 16. Kh1 Na7 17. b4 Nb5 18. Bb2 Rf7 19. f5 Nc7 20. g5 fxg5 21. f6 Bxf6 22. Qxh5 Rg7 23. exf6 Nxf6 24. Qe2 Qe7 25. Nb3 Ne4 26. Nc5 Nd6 27. Ne3 Rg6 28. Ng4 Rf8 29. Rxf8+ Kxf8 30. Rf1+ Ke8 31. Qe5 Nf7 32. Qg3 Nd8 33. Qf3 Qg7 34. Bc1 Nb5 35. Ne5 Nxd4 36. Qf2 g4 37. Qxd4 g3 38. Nxg6 Qxd4 39. Rf8# 1-0

[Event "Paris-ch IdF"]
[Site "Paris"]
[Date "2022.07.15"]
[Round "5"]
[White "Bergez, Luc"]
[Black "Salles, Louis"]
[Result "0-1"]
[WhiteElo "2328"]
[BlackElo "2269"]
[PlyCount "64"]
[EventDate "2022.07.12"]
[EventType "swiss"]
[EventRounds "9"]
[EventCountry "FRA"]
[SourceTitle "CBM 209 Extra"]
[Source "ChessBase"]
[SourceDate "2022.09.30"]
[SourceVersion "1"]
[SourceVersionDate "2022.09.30"]
[SourceQuality "1"]

1. e4 c5 2. Nf3 d6 3. d4 cxd4 4. Nxd4 Nf6 5. Nc3 a6 6. Be3 e5 7. Nb3 Be6 8. Qd2 Nbd7 9. 0-0-0 Be7 10. f3 h5 11. Kb1 Rc8 12. g3 Qc7 13. Qf2 b5 14. h3 Qb7 15. Bg2 b4 16. Ne2 a5 17. g4 a4 18. Nbc1 b3 19. cxb3 axb3 20. a3 0-0 21. Rd2 Rc4 22. g5 Nh7 23. f4 exf4 24. Bxf4 Nxg5 25. Nc3 Rxc3 26. bxc3 Nxe4 27. Kb2 Nxf2 28. Bxb7 Nxh1 29. Bxh1 Nb6 30. Rd4 g5 31. Bh2 Nc4+ 32. Kxb3 Rb8+ 0-1

[Event "Paris-ch IdF"]
[Site "Paris"]
[Date "2022.07.15"]
[Round "6"]
[White "Bonte, Andrei Mihai"]
[Black "Bergez, Luc"]
[Result "1-0"]
[WhiteElo "2329"]
[BlackElo "2328"]
[PlyCount "101"]
[EventDate "2022.07.12"]
[EventType "swiss"]
[EventRounds "9"]
[EventCountry "FRA"]
[SourceTitle "CBM 209 Extra"]
[Source "ChessBase"]
[SourceDate "2022.09.30"]
[SourceVersion "1"]
[SourceVersionDate "2022.09.30"]
[SourceQuality "1"]

1. d4 Nf6 2. Nf3 g6 3. c4 Bg7 4. Nc3 0-0 5. e4 d6 6. Be2 e5 7. 0-0 exd4 8. Nxd4 Re8 9. f3 c6 10. Nc2 Na6 11. Kh1 Nc7 12. Bg5 Ne6 13. Be3 Qc7 14. Qd2 a5 15. Rad1 Bf8 16. Bh6 Be7 17. Ne3 a4 18. Nf5 gxf5 19. exf5 Ng7 20. g4 Nd7 21. Ne4 Qa5 22. Qc2 d5 23. cxd5 cxd5 24. Nc3 Nb6 25. Bb5 Rd8 26. Qe2 Bf6 27. Bd2 Qa7 28. Be3 d4 29. Ne4 Nd5 30. Nxf6+ Nxf6 31. Bg5 Qb6 32. Qe7 Rd6 33. Bf4 Rd5 34. Bc4 Qd8 35. Qe2 b5 36. Bxd5 Qxd5 37. Qe5 Qxe5 38. Bxe5 Nge8 39. Rxd4 Bb7 40. Kg2 Nd5 41. Kg3 f6 42. Bf4 a3 43. b3 Nc3 44. Rf2 Ba6 45. Rc2 Rc8 46. Kh4 Kf7 47. Bd2 Nb1 48. Rxc8 Nxd2 49. Rd7+ Kf8 50. Rxe8+ Kxe8 51. Rxd2 1-0

[Event "Paris-ch IdF"]
[Site "Paris"]
[Date "2022.07.13"]
[Round "2"]
[White "Bergez, Luc"]
[Black "Dhulipalla, Bala Chandra Prasad"]
[Result "1/2-1/2"]
[WhiteElo "2328"]
[BlackElo "2423"]
[PlyCount "145"]
[EventDate "2022.07.12"]
[EventType "swiss"]
[EventRounds "9"]
[EventCountry "FRA"]
[SourceTitle "CBM 209 Extra"]
[Source "ChessBase"]
[SourceDate "2022.09.30"]
[SourceVersion "1"]
[SourceVersionDate "2022.09.30"]
[SourceQuality "1"]

1. e4 e5 2. Nf3 Nc6 3. Bc4 Nf6 4. d3 h6 5. Nbd2 g6 6. Nf1 Bg7 7. Ne3 0-0 8. 0-0 d6 9. a4 Be6 10. Bd2 d5 11. exd5 Nxd5 12. Bb5 Nxe3 13. Bxe3 Ne7 14. Nd2 b6 15. f3 Bd5 16. Re1 Nf5 17. Bf2 Nd6 18. Bg3 Nxb5 19. axb5 Re8 20. Ra4 c6 21. Qa1 Qd7 22. bxc6 Bxc6 23. Ra2 Re7 24. Re2 Rae8 25. Qe1 Qd5 26. Ra3 f5 27. Bf2 Qd7 28. h3 Bd5 29. c4 Bf7 30. c5 b5 31. b4 a5 32. Rxa5 Qxd3 33. Re3 Qd7 34. Ra6 Re6 35. Rea3 Rd8 36. Nf1 Rxa6 37. Rxa6 Qd1 38. Qxd1 Rxd1 39. c6 Rd8 40. Bc5 Rc8 41. Bd6 Bd5 42. c7 e4 43. fxe4 Bd4+ 44. Kh2 fxe4 45. Bf4 e3 46. Ng3 g5 47. Bd6 Kf7 48. Ne2 Bf6 49. Ra3 Ke6 50. Bg3 h5 51. Rxe3+ Kd7 52. Nc3 Bc4 53. Ne4 Be7 54. Nc5+ Bxc5 55. bxc5 Kc6 56. Re5 Rxc7 57. Rxg5 Rh7 58. Bf2 Rh6 59. Be1 Be2 60. Re5 Bd1 61. Bb4 Rg6 62. Re1 Bb3 63. Re5 Bd5 64. Re2 Re6 65. Rxe6+ Bxe6 66. Kg3 Bd5 67. Kf2 Be6 68. Ke3 Kd5 69. Ba3 Kc4 70. c6 b4 71. Bb2 Kc5 72. c7 Kd6 73. Ke4 1/2-1/2

[Event "Sunway Formentera op 1st"]
[Site "Sant Ferran de ses Roques"]
[Date "2022.05.05"]
[Round "7"]
[White "Mouhamad, Joachin"]
[Black "Bergez, Luc"]
[Result "1/2-1/2"]
[WhiteElo "2297"]
[BlackElo "2331"]
[PlyCount "151"]
[EventDate "2022.04.29"]
[EventType "swiss"]
[EventRounds "10"]
[EventCountry "ESP"]
[SourceTitle "EXT 2023"]
[Source "ChessBase"]
[SourceDate "2022.10.05"]
[SourceVersion "1"]
[SourceVersionDate "2022.10.05"]
[SourceQuality "1"]

1. e4 e5 2. Nf3 Nc6 3. Bb5 a6 4. Ba4 Bc5 5. c3 b5 6. Bb3 d6 7. a4 Ba7 8. 0-0 Nf6 9. Re1 0-0 10. h3 h6 11. d4 Bb7 12. Be3 exd4 13. cxd4 Nb4 14. d5 Bxe3 15. Rxe3 c5 16. dxc6 Bxc6 17. Nc3 bxa4 18. Bxa4 Bxa4 19. Rxa4 a5 20. Nd4 g6 21. Ndb5 Ra6 22. Ra1 Qe7 23. Qd2 Rb8 24. Rd1 Ne8 25. Nd4 Kh7 26. Rf3 Rb7 27. Re1 Qe5 28. Nd5 Qg7 29. Rb3 Nc7 30. Nxb4 Rab6 31. Nbc6 Rxb3 32. Nxb3 Rxb3 33. Qxd6 Nb5 34. Qd8 a4 35. e5 Rxb2 36. e6 fxe6 37. Rxe6 Rb1+ 38. Kh2 Qc7+ 39. Qxc7+ Nxc7 40. Re7+ Kh8 41. Rxc7 Rc1 42. Ra7 Rxc6 43. Rxa4 Kg7 44. h4 h5 45. Ra7+ Kf6 46. Ra3 Rc4 47. Ra6+ Kf5 48. Kh3 Rc3+ 49. f3 Rb3 50. Ra8 Kf6 51. Rf8+ Kg7 52. Rf4 Ra3 53. Rb4 Rc3 54. Kg3 Rc2 55. Kh3 Rc3 56. Rf4 Ra3 57. g3 Ra2 58. g4 hxg4+ 59. Rxg4 Kf6 60. Rb4 Ra6 61. Kg4 Rc6 62. Rb7 Rc4+ 63. Kg3 Rc6 64. Rh7 Rc4 65. Rh8 Ra4 66. Rf8+ Kg7 67. Rc8 Ra6 68. Kg4 Ra4+ 69. f4 Ra5 70. Re8 Kf6 71. Re5 Ra1 72. Re3 Rg1+ 73. Rg3 Rf1 74. Rg2 Rh1 75. Kg3 Kf5 76. Rf2 1/2-1/2

[Event "Sunway Formentera op 1st"]
[Site "Sant Ferran de ses Roques"]
[Date "2022.05.03"]
[Round "5"]
[White "Vrolijk, Liam"]
[Black "Bergez, Luc"]
[Result "1-0"]
[WhiteElo "2474"]
[BlackElo "2331"]
[PlyCount "97"]
[EventDate "2022.04.29"]
[EventType "swiss"]
[EventRounds "10"]
[EventCountry "ESP"]
[SourceTitle "EXT 2023"]
[Source "ChessBase"]
[SourceDate "2022.10.05"]
[SourceVersion "1"]
[SourceVersionDate "2022.10.05"]
[SourceQuality "1"]

1. d4 Nf6 2. c4 g6 3. g3 Bg7 4. Bg2 0-0 5. Nc3 d6 6. Nf3 c5 7. 0-0 Nc6 8. dxc5 dxc5 9. Bf4 Nd7 10. Qc1 e5 11. Bh6 Nb6 12. Rd1 Bd7 13. Bxg7 Kxg7 14. Qe3 Re8 15. Qxc5 Rc8 16. b3 e4 17. Nd4 Ne5 18. Qa5 e3 19. f4 Ng4 20. Ndb5 Rc5 21. Ne4 Rxe4 22. Bxe4 Nf2 23. Qc3+ f6 24. Qxe3 Nxd1 25. Qxc5 Bxb5 26. cxb5 Qd2 27. Bf3 Nd7 28. Qxa7 b6 29. Rxd1 Qxd1+ 30. Kg2 h5 31. a4 g5 32. fxg5 fxg5 33. Bxh5 Kf6 34. Bg4 Qd5+ 35. Bf3 Qd4 36. Qa8 Ne5 37. Qh8+ Kf5 38. g4+ Kg6 39. Qc8 Kh6 40. Qe6+ Kg7 41. Qd5 Qb2 42. Qb7+ Kh6 43. Qxb6+ Ng6 44. Kf2 Qe5 45. Kg1 Qa1+ 46. Kg2 Kg7 47. Qc7+ Kh6 48. Qd6 Kg7 49. Kf2 1-0

[Event "Barcelona Sants op 21st"]
[Site "Barcelona"]
[Date "2019.08.28"]
[Round "6"]
[White "Arenas Vanegas, David"]
[Black "Bergez, Luc"]
[Result "1-0"]
[WhiteElo "2448"]
[BlackElo "2314"]
[PlyCount "171"]
[EventDate "2019.08.23"]
[EventType "swiss"]
[EventRounds "10"]
[EventCountry "ESP"]
[SourceTitle "EXT 2020"]
[Source "ChessBase"]
[SourceDate "2019.10.17"]
[SourceVersion "1"]
[SourceVersionDate "2019.10.17"]
[SourceQuality "1"]

1. e4 d5 2. exd5 Nf6 3. Bb5+ Bd7 4. Bc4 Bg4 5. f3 Bf5 6. Nc3 Nbd7 7. g4 Nb6 8. b3 Bc8 9. Qe2 h5 10. g5 Nfxd5 11. Nxd5 Nxd5 12. Qe4 c6 13. Bb2 h4 14. Ne2 Qd7 15. Nd4 Rh5 16. f4 g6 17. 0-0-0 h3 18. Rde1 Rh4 19. Rhf1 a6 20. Qe5 Qc7 21. Nxc6 bxc6 22. Bxd5 Ra7 23. Be4 Bd7 24. Qxc7 Rxc7 25. Be5 Rc8 26. Re3 Bg4 27. Rc3 Kd7 28. Re1 Bf5 29. Bxf5+ gxf5 30. Rd3+ Ke8 31. Ree3 Rd8 32. Rxh3 Rxd3 33. Rxh4 Rf3 34. Rh8 f6 35. gxf6 Kf7 36. fxe7 Bxe7 37. Kb2 Bf6 38. Bxf6 Kxf6 39. Rh6+ Ke7 40. Rxc6 Rxf4 41. Rxa6 Rf2 42. Kc3 Rxh2 43. Ra4 Kf6 44. Rf4 Kg5 45. Rf1 f4 46. a4 Kg4 47. a5 f3 48. a6 Rh6 49. Ra1 f2 50. a7 Rh8 51. b4 Ra8 52. b5 Rxa7 53. Rf1 Kf3 54. Kb4 Ke2 55. Rxf2+ Kxf2 56. c4 Kf3 57. c5 Ke4 58. b6 Ra2 59. c6 Rb2+ 60. Ka5 Rxd2 61. b7 Rb2 62. Ka6 Ra2+ 63. Kb6 Rb2+ 64. Ka7 Rc2 65. Kb6 Kd5 66. c7 Rc6+ 67. Kb5 Rc5+ 68. Kb4 Rc4+ 69. Kb3 Rxc7 70. b8Q Kc6 71. Kc4 Rd7 72. Qe5 Rd6 73. Qb5+ Kc7 74. Kc5 Re6 75. Qa5+ Kd7 76. Qa7+ Ke8 77. Kd5 Rg6 78. Ke5 Kd8 79. Qb7 Ke8 80. Qc7 Rh6 81. Kf5 Kf8 82. Qd7 Kg8 83. Kg5 Rh7 84. Qd5+ Kf8 85. Kg6 Rg7+ 86. Kf6 1-0

[Event "Francophonie-ch 7th"]
[Site "Paris"]
[Date "2019.08.07"]
[Round "4"]
[White "Bergez, Luc"]
[Black "Rakotomaharo, Fy Antenaina"]
[Result "1-0"]
[WhiteElo "2314"]
[BlackElo "2438"]
[PlyCount "149"]
[EventDate "2019.08.04"]
[EventType "swiss"]
[EventRounds "9"]
[EventCountry "FRA"]
[SourceTitle "CBM 191 Extra"]
[Source "ChessBase"]
[SourceDate "2019.09.30"]
[SourceVersion "1"]
[SourceVersionDate "2019.09.30"]
[SourceQuality "1"]

1. e4 c5 2. d3 d5 3. exd5 Qxd5 4. Nc3 Qd8 5. Nf3 Nc6 6. g3 Nf6 7. Bg2 e6 8. 0-0 Be7 9. Bf4 0-0 10. Re1 a6 11. a4 Nb4 12. Ne5 Nfd5 13. Bd2 Bf6 14. a5 Rb8 15. Nc4 Bd7 16. Ne4 Be7 17. Ne5 Be8 18. f4 f6 19. Nc4 Bf7 20. Nf2 Nc7 21. Be4 Nb5 22. c3 Nd5 23. Bg2 Nd6 24. Ne4 Nb5 25. Qf3 Qc7 26. Re2 Na7 27. Be1 e5 28. fxe5 fxe5 29. Bd2 Be8 30. Qg4 Bd7 31. Qh5 Nc6 32. Rf2 Rxf2 33. Nxf2 Nf6 34. Qe2 Be6 35. Nxe5 Nxe5 36. d4 cxd4 37. cxd4 Bc4 38. Qxe5 Bd6 39. Qg5 Re8 40. Rc1 Qf7 41. Ng4 Nxg4 42. Qxg4 Rf8 43. Bf4 Bb4 44. d5 Bxd5 45. Rc7 Be6 46. Rxf7 Bxg4 47. Rxb7 Bc5+ 48. Kh1 Rd8 49. Rb8 Rxb8 50. Bxb8 Bb4 51. Bd5+ Kf8 52. Bc7 Be2 53. Kg2 Ke7 54. Kf2 Bb5 55. Ke3 Kd7 56. Bb6 Be1 57. Be4 h6 58. Bd4 g5 59. Bc3 Bxc3 60. bxc3 Kc7 61. Kd4 Bd7 62. Ke5 h5 63. h4 gxh4 64. gxh4 Bg4 65. Kd5 Be2 66. Kc5 Bg4 67. Bd3 Kb7 68. Kd6 Bf3 69. Bf5 Kb8 70. c4 Bg4 71. Bd7 Bf3 72. c5 Bb7 73. c6 Bc8 74. Bxc8 Kxc8 75. c7 1-0

[Event "Paris-ch 94th"]
[Site "Paris"]
[Date "2019.07.14"]
[Round "9"]
[White "Macon, Arthur"]
[Black "Bergez, Luc"]
[Result "1/2-1/2"]
[WhiteElo "2270"]
[BlackElo "2308"]
[PlyCount "155"]
[EventDate "2019.07.07"]
[EventType "swiss"]
[EventRounds "9"]
[EventCountry "FRA"]
[SourceTitle "CBM 191 Extra"]
[Source "ChessBase"]
[SourceDate "2019.09.30"]
[SourceVersion "1"]
[SourceVersionDate "2019.09.30"]
[SourceQuality "1"]

1. Nf3 Nf6 2. g3 g6 3. Bg2 Bg7 4. 0-0 0-0 5. c4 d6 6. Nc3 Nbd7 7. d3 c6 8. Bd2 e5 9. Ne1 Nb6 10. Rc1 Be6 11. Nf3 h6 12. b3 Qd7 13. c5 Nbd5 14. cxd6 Qxd6 15. Qc2 Rfe8 16. Rfd1 Rad8 17. Qb1 Qb8 18. Na4 Bc8 19. e4 Nc7 20. Bc3 Nb5 21. Bb2 Bg4 22. h3 Bxf3 23. Bxf3 Nd4 24. Bxd4 Rxd4 25. Nc3 Qd8 26. Ne2 Rd6 27. b4 Qd7 28. Bg2 h5 29. a4 h4 30. gxh4 Nh5 31. b5 Bf6 32. bxc6 bxc6 33. Rc3 Bxh4 34. Rb3 Qd8 35. Rf1 Qa5 36. Rb8 Rdd8 37. Rxd8 Rxd8 38. Qc2 Qa6 39. Rd1 Qb6 40. Rf1 Rd6 41. Qc3 Bf6 42. Qc2 Qa6 43. Rd1 Ng7 44. Bf3 Bh4 45. d4 Rf6 46. Kg2 exd4 47. Nxd4 Qa5 48. Qd2 Qe5 49. Qe3 Bg5 50. Qb3 Bf4 51. Ne2 Qg5+ 52. Bg4 Bc7 53. Qe3 Qa5 54. Qc3 Qxa4 55. Qxf6 Qxd1 56. Qxc6 Bb6 57. Qc8+ Kh7 58. Qc4 Kg8 59. Qc8+ Qd8 60. Qxd8+ Bxd8 61. Nc3 a5 62. f4 Bc7 63. f5 Be5 64. Na4 g5 65. Bd1 Bd4 66. Kf3 Kf8 67. Ke2 Ke7 68. Kd3 Be5 69. Kc4 Ne8 70. Kd5 Bf4 71. Bc2 Nf6+ 72. Kc4 Kd6 73. Nc5 Be3 74. Nb7+ Ke5 75. Nd8 Nxe4 76. Nxf7+ Kf4 77. Bxe4 Kxe4 78. Kb5 1/2-1/2

[Event "Paris-ch 94th"]
[Site "Paris"]
[Date "2019.07.08"]
[Round "3"]
[White "French, Max"]
[Black "Bergez, Luc"]
[Result "0-1"]
[WhiteElo "2232"]
[BlackElo "2308"]
[PlyCount "64"]
[EventDate "2019.07.07"]
[EventType "swiss"]
[EventRounds "9"]
[EventCountry "FRA"]
[SourceTitle "CBM 191 Extra"]
[Source "ChessBase"]
[SourceDate "2019.09.30"]
[SourceVersion "1"]
[SourceVersionDate "2019.09.30"]
[SourceQuality "1"]

1. d4 Nf6 2. c4 g6 3. Nc3 Bg7 4. e4 0-0 5. Be2 d6 6. Be3 e5 7. d5 Na6 8. g4 Nc5 9. f3 a5 10. h4 h5 11. g5 Ne8 12. Qd2 Bd7 13. 0-0-0 Qc8 14. Bf1 Na4 15. Nxa4 Bxa4 16. Bh3 Qd8 17. b3 Bd7 18. c5 dxc5 19. Bxc5 Nd6 20. Kb2 a4 21. Qb4 Nb5 22. Bf1 Nd4 23. f4 axb3 24. axb3 Bg4 25. Rd3 b6 26. Bxd4 exd4 27. e5 Qxd5 28. Rh2 c5 29. Qe1 c4 30. bxc4 Qxc4 31. Ra3 d3 32. Bxd3 Qxf4 0-1